000 00407nam a2200169Ia 4500
003 OSt
005 20240620114155.0
008 170619s9999 xx 000 0 und d
020 _a9788188458776
040 _cIIMT ENGINEERING COLLEGE
100 _aDhameja- Suresh K.
245 0 _aEnvironmental studies
260 _bNew Delhi: S. K. Kataria
260 _c2006
546 _aENGLISH
942 _2ddc
_c02
999 _c18169
_d18169